[Event "Korcsoportos Bajnokság u10f"]
[Site "Balatonlelle"]
[Date "2015.06.24"]
[Round "9.3"]
[White "Gombocz, Ferenc Jr"]
[Black "Pasztor, Balazs"]
[Result "1/2-1/2"]
[WhiteElo "1725"]
[BlackElo "1479"]
[PlyCount "104"]
[EventDate "2015.06.18"]
[EventType "swiss"]
[EventRounds "9"]
[EventCountry "HUN"]
[WhiteClock "1:25:21"]
[BlackClock "0:27:48"]

1. d4 d5 2. Nf3 Nf6 3. e3 c5 4. dxc5 e6 5. b4 a5 6. Bb5+ Bd7 7. Bxd7+ Nfxd7 8.
c3 axb4 9. cxb4 b6 10. cxb6 Bxb4+ 11. Bd2 Bxd2+ 12. Nbxd2 Qxb6 13. O-O O-O 14.
Qb3 Qd6 15. e4 Nc5 16. Qe3 dxe4 17. Nxe4 Nxe4 18. Qxe4 Nd7 19. Rfd1 Qe7 20. Qb7
Rfd8 21. Ne5 Rab8 22. Rxd7 Rxb7 23. Rxe7 Rxe7 24. Nc6 Rdd7 25. Nxe7+ Rxe7 26.
Rb1 Re8 27. Kf1 Kf8 28. a4 Ra8 29. Rb4 Ra7 30. Ke2 Ke7 31. Rd4 e5 32. Rb4 f6
33. Kd3 Kd6 34. Kc3 Kc5 35. Rb5+ Kc6 36. Kb4 Rd7 37. Rc5+ Kb7 38. Rc2 Rd4+ 39.
Kb3 Rd3+ 40. Rc3 Rd2 41. Rg3 g6 42. Rh3 h5 43. Rg3 g5 44. Rf3 Rd6 45. Kc2 Kb6
46. Ra3 Ka5 47. Rd3 Re6 48. Kb3 h4 49. Rd5+ Ka6 50. Kb4 Rc6 51. Ra5+ Kb6 52.
Rb5+ Ka6 1/2-1/2

[Event "Korcsoportos Bajnokság u10f"]
[Site "Balatonlelle"]
[Date "2015.06.24"]
[Round "9.4"]
[White "Kovacs, Patrik Zsolt"]
[Black "Kocsis, Peter"]
[Result "1-0"]
[WhiteElo "1520"]
[BlackElo "1400"]
[PlyCount "159"]
[EventDate "2015.06.18"]
[EventType "swiss"]
[EventRounds "9"]
[EventCountry "HUN"]
[WhiteClock "0:52:11"]
[BlackClock "1:03:08"]

1. d4 Nf6 2. c4 g6 3. Nc3 Bg7 4. e4 d6 5. Bg5 O-O 6. Qd2 Re8 7. f3 Nbd7 8. g4
e5 9. d5 a5 10. h4 Nc5 11. Be2 Bd7 12. h5 a4 13. hxg6 fxg6 14. Nh3 Rf8 15. Nf2
Qe7 16. Nd3 b6 17. Nxc5 bxc5 18. O-O-O Rfb8 19. a3 Rb3 20. Rh2 Rab8 21. Rdh1
Bh8 22. Bd1 R3b7 23. Nxa4 Ra7 24. Nc3 Rab7 25. Rxh7 Qxh7 26. Rxh7 Nxh7 27. Be3
Bf6 28. Qh2 g5 29. Qh6 Be8 30. Qh2 Kg7 31. Kb1 Bd7 32. Bc1 Bd8 33. Ne2 Bf6 34.
Ng3 Rg8 35. Nh5+ Kf7 36. Nxf6 Nxf6 37. Qd2 Nh7 38. Qa5 Rgb8 39. Ba4 Bxa4 40.
Qxa4 Ke7 41. Qd1 Nf6 42. Bxg5 Rxb2+ 43. Ka1 Kf7 44. Qc1 R8b3 45. Qxb2 Rxb2 46.
Kxb2 Nh7 47. Bd8 Ke8 48. Bh4 Kd7 49. a4 Nf8 50. Kb3 Kc8 51. Kc3 Kb7 52. Kd3 Ng6
53. Bg5 Nh8 54. Bd2 Ka6 55. Ke3 Nf7 56. Kf2 c6 57. dxc6 Kb6 58. Kg3 Kxc6 59.
Kh4 Kb6 60. g5 Nxg5 61. Kxg5 Ka6 62. Kf6 Kb6 63. Ke6 Kc7 64. a5 Kc6 65. a6 Kc7
66. a7 Kb7 67. Kxd6 Kxa7 68. Kxe5 Kb6 69. f4 Kc6 70. Ke6 Kb6 71. f5 Kc6 72. f6
Kb7 73. f7 Ka7 74. f8=Q Kb7 75. Qxc5 Ka6 76. Ba5 Kb7 77. Kd7 Ka8 78. Bc7 Kb7
79. Qb6+ Ka8 80. Qb8# 1-0

[Event "Korcsoportos Bajnokság u10f"]
[Site "Balatonlelle"]
[Date "2015.06.24"]
[Round "9.5"]
[White "Bangha, Otto Peter"]
[Black "Lauber, Kolos"]
[Result "1-0"]
[WhiteElo "1349"]
[BlackElo "1472"]
[PlyCount "77"]
[EventDate "2015.06.18"]
[EventType "swiss"]
[EventRounds "9"]
[EventCountry "HUN"]
[WhiteClock "0:36:37"]
[BlackClock "0:55:41"]

1. e4 c5 2. Nf3 Nc6 3. d4 cxd4 4. Nxd4 Nf6 5. Nc3 e5 6. Nf5 d6 7. Bg5 Bxf5 8.
exf5 Be7 9. Be2 Qd7 10. Bxf6 Bxf6 11. Nd5 Be7 12. c3 Rc8 13. Bg4 f6 14. Bh5+
Kf8 15. Qd3 Bd8 16. Rd1 Ne7 17. Nxe7 Kxe7 18. Qg3 Rg8 19. Bf3 Bb6 20. Bd5 Qxf5
21. Bxb7 Rc5 22. O-O g6 23. Bd5 Rh8 24. c4 h5 25. Rfe1 Rxd5 26. cxd5 g5 27. Rf1
g4 28. Qd3 Qg5 29. Kh1 h4 30. f4 exf4 31. Qe4+ Qe5 32. Rxf4 g3 33. Rxh4 Rxh4
34. Qxh4 gxh2 35. Re1 Be3 36. Qh3 Kf8 37. Qxe3 Qh5 38. Qe7+ Kg8 39. Qe8+ 1-0

[Event "Korcsoportos Bajnokság u10f"]
[Site "Balatonlelle"]
[Date "2015.06.24"]
[Round "9.6"]
[White "Juhasz, Agoston"]
[Black "Pervai, Laszlo"]
[Result "1-0"]
[WhiteElo "1290"]
[BlackElo "1431"]
[PlyCount "51"]
[EventDate "2015.06.18"]
[EventType "swiss"]
[EventRounds "9"]
[EventCountry "HUN"]
[WhiteClock "1:05:50"]
[BlackClock "0:50:54"]

1. e4 c5 2. Nf3 Nc6 3. c3 Nf6 4. e5 Nd5 5. d4 cxd4 6. Bc4 Nb6 7. Bb3 dxc3 8.
Nxc3 g6 9. O-O Bg7 10. Re1 O-O 11. Bf4 Na5 12. Qd2 Nac4 13. Qc1 Re8 14. Bh6 Qc7
15. Qf4 Rf8 16. Qh4 f6 17. Bxg7 Kxg7 18. exf6+ exf6 19. Re7+ Rf7 20. Rxf7+ Kxf7
21. Qxh7+ Kf8 22. Re1 Qc5 23. Qh8+ Kf7 24. Qe8+ Kg7 25. Re7+ Kh6 26. Qh8# 1-0